| 000 -LEADER |
| fixed length control field |
00556nam a2200157Ii 4500 |
| 040 ## - CATALOGING SOURCE |
| Transcribing agency |
AGL |
| 082 ## - DEWEY DECIMAL CLASSIFICATION NUMBER |
| Classification number |
633 1977 IRR C142 Or.1 |
| 110 1# - MAIN ENTRY--CORPORATE NAME |
| Corporate name or jurisdiction name as entry element |
International Rice Research Institute |
| 245 10 - TITLE STATEMENT |
| Title |
Symposium on Cropping Systems Research and Development for the Asian Rice Farmer : |
| Remainder of title |
[proceedings] |
| 260 ## - PUBLICATION, DISTRIBUTION, ETC. (IMPRINT) |
| Place of publication |
Los Ba©łos, Philippines : |
| Name of publisher |
International Rice Research Institute, |
| Year of publication |
1977 |
| 300 ## - PHYSICAL DESCRIPTION |
| Number of Pages |
454 p. : |
| Other physical details |
ill., graphs ; |
| Dimensions |
23 cm |
| 500 ## - GENERAL NOTE |
| General note |
Running title: 1976 Cropping Systems Symposium |
| 650 #0 - SUBJECT ADDED ENTRY--TOPICAL TERM |
| Topical Term |
Rice |
| 650 #0 - SUBJECT ADDED ENTRY--TOPICAL TERM |
| Topical Term |
Cropping systems |
| 942 ## - ADDED ENTRY ELEMENTS (KOHA) |
| Koha item type |
សៀវភៅភាសាអង់គ្លេស |
| 952 ## - LOCATION AND ITEM INFORMATION (KOHA) |
| Withdrawn status [LOCAL, KOHA] |
0 |